Relaciones de género y desarrollo: hacia la equidad de la cooperación

Salvato in:
Dettagli Bibliografici
Autori principali: López, Irene (autora), Alcalde, Ana Rosa (Autore)
Natura: Libro
Lingua:spagnolo
Pubblicazione: Madrid Instituto Universitario de Desarrollo y Cooperación 1999
Edizione:1a. ed
Soggetti:
Tags: Aggiungi Tag
Nessun Tag, puoi essere il primo ad aggiungerne!!

MARC

LEADER 00000nam a2200000 a 4500
001 UCI5452
003 CL-VaPUC
008 080328e19990000SP |||||||||||||||||spa|d
020 |a 8483190524 
082 0 4 |a 305.42  |b LOP  |2 21 
100 |a López, Irene  |e autora  |9 527841 
700 0 |a Alcalde, Ana Rosa  |e author  |9 527842 
245 1 0 |a Relaciones de género y desarrollo: hacia la equidad de la cooperación 
250 |a 1a. ed 
300 |a 220 p 
942 |c BK 
945 |d 20080328 00:00:00  |a jtorresc 
260 |a Madrid  |b Instituto Universitario de Desarrollo y Cooperación  |c 1999 
650 0 |a Mujeres  |9 257649 
650 0 |a Sexo  |9 257818 
650 0 |a Movimiento feminista   |9 430458 
650 0 |a Países en desarrollo  |9 259663 
583 |a last modification  |c 20080328 00:00:00  |k Rodrigo Vera 
999 |c 329193  |d 329191 
952 |0 0  |1 0  |4 0  |6 305_420000000000000_LOP_1999  |7 0  |8 A  |9 413561  |a BIBEDU  |b BIBEDU  |d 2019-11-22  |i 4418697  |o 305.42 LOP 1999  |p 4418697  |r 2019-11-22  |w 2019-11-22  |y BK  |k FIL